000 00942nam a2200181Ia 4500
008 151202s9999||||xx |||||||||||||| ||und||
082 _bPNVM-69567
100 _aसंपा - करोगल सुषमा.
245 _aसाठ वर्षाची गोष्ट - एका वैचारिक आंदोलनाचे सिंहावलोकन.
260 _bपद्गंधा प्रकाशन पुणे.
260 _c69567
300 _a232
600 _aसंपा - करोगल सुषमा.
630 _aसाठ वर्षाची गोष्ट - एका वैचारिक आंदोलनाचे सिंहावलोकन.
700 _aसंपा - करोगल सुषमा.
730 _aसाठ वर्षाची गोष्ट - एका वैचारिक आंदोलनाचे सिंहावलोकन.
942 _cBOOK
999 _c1336077
_d1336074